Selective migration of population subgroups by educational attainment in the irban region of Bratislava
Článok hodnotí procesy medziregionálnej a vnotroregionálnej migrácie vo funkčnom mestskom regióne Bratislava s dôrazom na špecifiká vzorcov migrácie kategórií obyvateľstva podľa najvyššieho dosiahnutého vzdelania. Následne hodnotí zaradenie jednotlivých kategórií do štádií urbánneho vývoja. Článok c...
Guardado en:
| Autor principal: | |
|---|---|
| Otros Autores: | |
| Formato: | Capítulo de libro |
| Lenguaje: | inglés |
| Materias: | |
| Etiquetas: |
Sin Etiquetas, Sea el primero en etiquetar este registro!
|
MARC
| LEADER | 00000naa a2200000 4500 | ||
|---|---|---|---|
| 001 | 0231245 | ||
| 005 | 20220805075649.3 | ||
| 041 | 0 | |a eng | |
| 044 | |a SK | ||
| 245 | 1 | 0 | |a Selective migration of population subgroups by educational attainment in the irban region of Bratislava |c Ladislav Novotný, Loránt Pregi |
| 520 | |a Článok hodnotí procesy medziregionálnej a vnotroregionálnej migrácie vo funkčnom mestskom regióne Bratislava s dôrazom na špecifiká vzorcov migrácie kategórií obyvateľstva podľa najvyššieho dosiahnutého vzdelania. Následne hodnotí zaradenie jednotlivých kategórií do štádií urbánneho vývoja. Článok chce prispieť k vyplneniu medzery vo výskume selektívnej migrácie rôznych kategórií obyvateľstva vo vzťahu k urbánnemu vývoju na Slovensku a zároveň rozšíriť poznatky z medzinárodného výskumu urbánneho vývoja v postsocialistických krajinách SVE. | ||
| 610 | 2 | 0 | |a regióny |
| 610 | 2 | 0 | |a Slovensko |
| 610 | 2 | 0 | |a obyvateľstvo |
| 610 | 2 | 0 | |a vzdelanie |
| 610 | 2 | 0 | |a migrácia |
| 100 | 1 | |a Novotný, Ladislav | |
| 700 | 1 | |a Pregi, Loránt | |